Feijoò critico-moral, y reflexivo de su theatro sobre errores comunes (Record no. 153356)
[ view plain ]
| 000 -LEADER | |
|---|---|
| campo de control de longitud fija | 01323nam a22002415i 4500 |
| 001 - NÚMERO DE CONTROL | |
| campo de control | 153356 |
| 003 - IDENTIFICADOR DE NÚMERO DE CONTROL | |
| campo de control | ES-MaACL |
| 005 - FECHA Y HORA DE LA ÚLTIMA TRANSACCIÓN | |
| campo de control | 20250723052420.0 |
| 008 - DATOS DE LONGITUD FIJA--INFORMACIÓN GENERAL | |
| campo de control de longitud fija | 990618s1765 sp |||| | spa d |
| 040 ## - FUENTE DE CATALOGACIÓN | |
| Centro catalogador/agencia de origen | CLM |
| Lengua de catalogación | spa |
| Centro/agencia transcriptor | CLM |
| 100 1# - ENTRADA PRINCIPAL--NOMBRE DE PERSONA | |
| Nombre de persona | Cuesta, Leonardo Antonio de la. |
| 9 (RLIN) | 126663 |
| 245 10 - MENCIÓN DEL TÍTULO | |
| Título | Feijoò critico-moral, y reflexivo de su theatro sobre errores comunes |
| Resto del título | : con un breve resumen de cada uno de sus discursos ... / |
| Mención de responsabilidad, etc. | su autor Don Leonardo Antonio de la Cuesta ... ; tomo septimo. |
| 260 ## - PUBLICACIÓN, DISTRIBUCIÓN, ETC. | |
| Lugar de publicación, distribución, etc. | En Madrid : |
| Nombre del editor, distribuidor, etc. | en la Oficina de Manuel Martin ..., |
| Fecha de publicación, distribución, etc. | 1765. |
| 300 ## - DESCRIPCIÓN FÍSICA | |
| Extensión | [4], 28, [4], 29-56, [4], 57-85, [3], 87-114, [4], 115-142, [4], 143-172, [2], 173-201, [3], 203-231, [3], 233-262, [2], 263-291, [3], 293-320, [4], 321-348, [4], 349-278 [i.e. 378], [2], 379-436, [4], 437-465, [3], 467-496, [2], 497-523, [3] p. ; |
| Dimensiones | 8º. |
| 597 ## - NOTA DE DESCRIPCIÓN FÍSICA | |
| NOTA DE DESCRIPCIÓN FÍSICA | Sign.: [ ]\p1\s, A-2N\p8\s. |
| 597 ## - NOTA DE DESCRIPCIÓN FÍSICA | |
| NOTA DE DESCRIPCIÓN FÍSICA | Error tip. de pag. en p. 378 pone 278. |
| 597 ## - NOTA DE DESCRIPCIÓN FÍSICA | |
| NOTA DE DESCRIPCIÓN FÍSICA | Cada discurso con portadilla propia. |
| 600 17 - PUNTO DE ACCESO ADICIONAL DE MATERIA--NOMBRE DE PERSONA | |
| Nombre de persona | Feijoo, Benito Jerónimo, |
| Fechas asociadas al nombre | 1676-1764- |
| Subdivisión general | Crítica e interpretación |
| Fuente del encabezamiento o término | |
| 9 (RLIN) | 127030 |
| 700 11 - ENTRADA AGREGADA--NOMBRE PERSONAL | |
| Nombre de persona | Martín, Manuel, |
| Término indicativo de función/relación | |
| 9 (RLIN) | 77344 |
| 752 ## - ENTRADA AGREGADA--NOMBRE JERÁRQUICO DEL LUGAR | |
| País o entidad superior | España - |
| Ciudad | Madrid |
| 852 ## - LOCALIZACIÓN | |
| Ubicación | ES-MaACL |
| Número de control de estantería | R-1260 |
| Nota libre | -- Enc. perg. |
| Encuadernación | -- Edic.: en colofón consta: "Hallaràse todos los martes en la librería de Castillo ..." |
| Estatus retirado | Estado de pérdida | Estado de daño | No para préstamo | Colección | Biblioteca de origen | Biblioteca actual | Ubicación en estantería | Fecha de adquisición | Fuente de adquisición | Total de préstamos | Signatura topográfica completa | Código de barras | Visto por última vez | Precio de reemplazo | Tipo de ítem Koha |
|---|---|---|---|---|---|---|---|---|---|---|---|---|---|---|---|
| Libros del s. XVIII | Biblioteca del Ateneo de Madrid | Biblioteca del Ateneo de Madrid | Depósito | 17/01/2008 | R-1260 | 1160268 | 23/02/2023 | 23/02/2023 | Libro impreso antiguo |
